000 00639cam a22002291 4500
001 ne 68000603
003 DLC
005 20260227111838.0
008 940822s1967 iq a b 000 0 arar
010 _ane 68000603
035 _a(OCoLC)30987905
040 _aDLC
_cCU
_dCU
_dDLC
042 _apremarc
043 _aa-iq---
050 0 0 _aDS79.9.K66
_bB3
100 1 _aBakrī, ʻĀdil.
245 1 0 _aTārīkh al-Kūt,
_ctaʼlīf ʻĀdil al-Bakrī.
260 _aBaghdād,
_bMaṭbaʻat al-ʻĀnī,
_c1967.
300 _a231 p.
_billus.
_c24 cm.
504 _aBibliography: p. 201-204.
651 0 _aWāsiṭ (Iraq : Province)
_xHistory.
999 _c50102
_d50102